000 01803nam0a2200289 i 4500
001 RU\NLR\BIBL_A\011926899
005 20260407115638.0
035 _a(NLR Aleph) 011926899
090 _a11017350
_c11017350
100 _a20190204d2017 k y0rusy50 ca
101 0 _arus
102 _aRU
105 _aa z 100zy
200 1 _aСтраницы истории Выборгской стороны
_eматериалы научно-практической конференции, 05 октября 2017 год
_fКомитет по культуре Санкт-Петербурга, СПб ГБУК "Санкт-Петербургский музей Хлеба"
_g[редакционная коллегия: Яковлева М.Д. и др.]
210 _aСанкт-Петербург
_c[б. и.]
_d2017
215 _a119 с.
_cил.
_d21
320 _aБиблиогр. в подстроч. примеч.
607 _aВыборгский район (Санкт-Петербург, город)
_jСъезды, совещания и т.п
_xИстория
_92203007
_3RU\NLR\AUTH\661323740
686 1 _aТ3(2-2СПб)я431
702 1 _4340
_7ca
_8rus
_aЯковлева
_bМ. Д.
_cспециалист музейного дела, краевед
_gМарина Дмитриевна
_9200837
_3RU\NLR\AUTH\770200888
711 1 2 _a"Страницы истории Выборгской стороны", научно-практическая конференция
_eСанкт-Петербург
_f2017
_9647967
_3RU\NLR\AUTH\880494035
712 0 2 _4570
_aСанкт-Петербургский музей хлеба
_3RU\NLR\AUTH\8810067909
_9637438
942 _cBOOK
980 _aNBR